Compilers : principles, techniques and tools (Record no. 274725)

MARC details
000 -LEADER
fixed length control field 00538nam a2200181Ia 4500
005 - DATE AND TIME OF LATEST TRANSACTION
control field 20241029092820.0
008 - FIXED-LENGTH DATA ELEMENTS--GENERAL INFORMATION
fixed length control field 240126s9999 xx 000 0 und d
020 ## - INTERNATIONAL STANDARD BOOK NUMBER
International Standard Book Number 9788131759028
082 ## - DEWEY DECIMAL CLASSIFICATION NUMBER
Classification number 001.6425 AHO;1 R
100 ## - MAIN ENTRY--PERSONAL NAME
Personal name Aho, Alfred V. Lam, Monica S. Sethi, Ravi ...[et al.]
245 #0 - TITLE STATEMENT
Title Compilers : principles, techniques and tools
250 ## - EDITION STATEMENT
Edition statement 2nd ed.
260 ## - PUBLICATION, DISTRIBUTION, ETC. (IMPRINT)
Name of publisher, distributor, etc. Dorling Kindersley
Place of publication, distribution, etc. New Delhi
Date of publication, distribution, etc. 2011
300 ## - PHYSICAL DESCRIPTION
Extent xxiv, 1009+Q-22
440 ## - SERIES STATEMENT/ADDED ENTRY--TITLE
Title NULL
650 ## - SUBJECT ADDED ENTRY--TOPICAL TERM
Topical term or geographic name as entry element Compilers,principles,,techniques,tools
942 ## - ADDED ENTRY ELEMENTS (KOHA)
Koha item type PESU Books
Holdings
Date last seen Total Checkouts Full call number Accession number Old discount Volume/Issue Number Date checked out Price effective from Category Public note Lost status Damaged status Department Withdrawn status Permanent Location Current Location Shelving location Entry date Grants Currency symbol Conversion rate Discount Discount type
06/02/2026 1 001.6425 AHO;1 R PU3080   (03/07/1905) 13/01/2026 26/01/2024 PESU Books Donated by Dr.Anirbon chakraborty     Central Library   Central Library RFID Kiosk Central Library 17/03/2015 DONATED RS 1   Rupees

© For any Suggestions or Query, please contact the library staff @ librarian@pes.edu or Phone: +9180 2672 1983/ 2108.